00994cam a2200277 a 4500999001900000001000800019003000500027005001700032008004100049010001700090020001500107040001800122050002400140082001800164100004000182245008600222260005300308300003500361500000800396504005100404650005600455650003600511906004500547942001800592952010600610 c332166d3321661145728NUST20171116102730.0951219s1996 mdua b 001 0 eng  a 95048415  a0865875154 aDLCcDLCdDLC00aHD30.255b.D38 199600a628.5 DAU2201 aDaugherty, Jack E.q(Jack E.)9643010aIndustrial environmental management :ba practical handbook /cJack E. Daugherty. aRockville, Md. :bGovernment Institutes,cc1996. axxiv, 572 p. :bill. ;c24 cm. aH.B aIncludes bibliographical references and index. 0aIndustrial managementxEnvironmental aspects.96431 0aEnvironmental management.96432 a7bcbccorignewd1eocipf19gy-gencatlg 2ddccBKkIESE 00102ddc40708NFICaIESEbIESEcGENd2017-11-16l0o628.5 DAUpIESE-05r2017-11-16w2017-11-16yBK